Pokémon - Les attaques de Nounourson - Statistiques

Statistiques générales
  • Ce quiz a été pris 15 fois
  • Le résultat moyen est 8 sur 14
Statistiques - réponses
Niveaux Types Noms des attaques % Correct
Départ Normal Charge
100%
Niveau 24 Normal Bélier
90%
Niveau 44 Normal Damoclès
90%
Départ Normal Groz'Yeux
80%
Niveau 4 Fée Regard Touchant
80%
Niveau 12 Ténèbres Centrifugifle
60%
Niveau 28 Normal Gigotage
50%
Niveau 48 Combat Surpuissance
50%
Niveau 16 Normal Ténacité
50%
Niveau 36 Normal Mania
40%
Niveau 32 Combat Marto-Poing
40%
Niveau 20 Normal Force
30%
Niveau 8 Ténèbres Représailles
30%
Niveau 40 Normal Balance
20%
Aucun quiz correspondant
Distribution des résultats
% des personnes avec chaque résultat
Percentile par nombre de réponses
Votre historique - résultats
Vous n’avez pas pris ce quiz